[Event "Katowice POL-HUN 10th"]
[Site "Katowice"]
[Date "2023.09.10"]
[Round "6"]
[White "Padmini, Rout"]
[Black "Golenia, Jan"]
[Result "0-1"]
[WhiteElo "2353"]
[BlackElo "2180"]
[PlyCount "146"]
[EventDate "2023.09.09"]
[EventType "swiss (rapid)"]
[EventRounds "9"]
[EventCountry "POL"]
[SourceTitle "EXT 2024"]
[Source "ChessBase"]
[SourceDate "2023.10.10"]
[SourceVersion "1"]
[SourceVersionDate "2023.10.10"]
[SourceQuality "1"]

1. e4 e5 2. Nf3 Nc6 3. Bb5 a6 4. Ba4 Nf6 5. 0-0 Be7 6. Re1 b5 7. Bb3 d6 8. c3 0-0 9. h3 Na5 10. Bc2 c5 11. d4 Nd7 12. Nbd2 exd4 13. cxd4 Nc6 14. d5 Nce5 15. Nxe5 Nxe5 16. f4 Ng6 17. Nf3 Bh4 18. Rf1 Bg3 19. f5 Ne5 20. b3 Re8 21. Bb2 Qf6 22. Kh1 Bd7 23. Ng1 b4 24. Ne2 Bh4 25. g3 Bg5 26. Nf4 Bb5 27. Rf2 Qe7 28. Kg2 c4 29. h4 Bf6 30. Nh5 Nd7 31. Nxf6+ Nxf6 32. bxc4 Bxc4 33. Qd4 Rac8 34. Re1 Bxd5 35. Bb1 Ba8 36. g4 h6 37. g5 hxg5 38. hxg5 Nh5 39. f6 Qe5 40. Qe3 Qe6 41. Rh1 Qg4+ 42. Kh2 Bxe4 43. Bxe4 Rxe4 44. Qh3 Rcc4 45. Qxg4 Rxg4 46. Re1 Rxg5 47. Re3 Nxf6 48. Bxf6 gxf6 49. Rxf6 Rh4+ 50. Rh3 Rxh3+ 51. Kxh3 Rd5 52. Rf4 a5 53. Kg4 Rd3 54. Rf2 Kf8 55. Kf5 Ke7 56. Ke4 Rc3 57. Kd4 Rc5 58. Re2+ Kd7 59. Rf2 f5 60. Rh2 Kc6 61. a4 Re5 62. Rh8 Re4+ 63. Kd3 b3 64. Kc3 Rb4 65. Kb2 f4 66. Ra8 Kb6 67. Rb8+ Kc5 68. Ra8 Kd4 69. Rxa5 f3 70. Rf5 Ke3 71. a5 f2 72. a6 Ke2 73. a7 Ra4 0-1

[Event "POL-chT 2nd League"]
[Site "Jastrzebia Gora"]
[Date "2022.09.03"]
[Round "1.32"]
[White "Golenia, Jan"]
[Black "Luberanski, Jakub"]
[Result "1/2-1/2"]
[WhiteElo "2113"]
[BlackElo "2211"]
[PlyCount "70"]
[EventDate "2022.09.03"]
[EventType "team-swiss"]
[EventRounds "9"]
[EventCountry "POL"]
[SourceTitle "CBM 210 Extra"]
[Source "ChessBase"]
[SourceDate "2022.11.30"]
[SourceVersion "1"]
[SourceVersionDate "2022.11.30"]
[SourceQuality "1"]
[WhiteTeam "Wieliczka MKS MOS"]
[BlackTeam "Wroclaw Polonia"]
[WhiteTeamCountry "POL"]
[BlackTeamCountry "POL"]

1. d4 Nf6 2. c4 e6 3. Nf3 d5 4. g3 dxc4 5. Bg2 a6 6. 0-0 Nc6 7. Qc2 Nxd4 8. Nxd4 Qxd4 9. Rd1 Qa7 10. b4 Ng4 11. e3 Bd6 12. Qxc4 Ne5 13. Qb3 0-0 14. Bb2 b5 15. Bd4 Qb8 16. Qc3 f6 17. Nd2 Bb7 18. Ne4 Nc4 19. a4 Be7 20. axb5 axb5 21. Rxa8 Bxa8 22. Ra1 Bd5 23. Bc5 Qe8 24. Ra7 Bxc5 25. Nxc5 Bxg2 26. Kxg2 Qc6+ 27. e4 Rd8 28. Qa1 e5 29. Qa6 Qxa6 30. Nxa6 c6 31. Rc7 Rd4 32. Nc5 Rd6 33. Nb7 Rd4 34. Nc5 Rd6 35. Nb7 Rd4 1/2-1/2

[Event "POL-chT Academic"]
[Site "Chorzow"]
[Date "2022.04.02"]
[Round "5.1"]
[White "Janik, Igor"]
[Black "Golenia, Jan"]
[Result "1-0"]
[WhiteElo "2386"]
[BlackElo "2091"]
[PlyCount "83"]
[EventDate "2022.04.02"]
[EventType "team-swiss (rapid)"]
[EventRounds "9"]
[EventCountry "POL"]
[SourceTitle "EXT 2024"]
[Source "ChessBase"]
[SourceDate "2023.10.10"]
[SourceVersion "1"]
[SourceVersionDate "2023.10.10"]
[SourceQuality "1"]

1. c4 b6 2. d4 e6 3. a3 Nf6 4. Nc3 Be7 5. e4 d6 6. Bd3 Bb7 7. Nge2 d5 8. cxd5 exd5 9. e5 Ne4 10. Qc2 Nxc3 11. bxc3 g6 12. Bh6 Bg5 13. Bxg5 Qxg5 14. 0-0 Nd7 15. f4 Qe7 16. Qa4 a6 17. f5 b5 18. Qa5 Nb6 19. f6 Qd7 20. Nf4 0-0-0 21. Qb4 Rhe8 22. Be2 Na4 23. Nd3 Qc6 24. Rac1 Qc4 25. Nf4 Qc6 26. Bg4+ Kb8 27. e6 Bc8 28. exf7 Rf8 29. Bxc8 Kxc8 30. Qe7 Qd7 31. Ne6 Rxf7 32. Qxd8+ Qxd8 33. Nxd8 Kxd8 34. g4 h6 35. h4 g5 36. hxg5 hxg5 37. Rf5 c6 38. Kg2 Kd7 39. Rcf1 Nxc3 40. Rxg5 Ne4 41. Rg7 Ke6 42. g5 1-0

[Event "Krakow op-A 32nd"]
[Site "Krakow"]
[Date "2021.12.30"]
[Round "4"]
[White "Golenia, Jan"]
[Black "Karsay, Pascal"]
[Result "0-1"]
[WhiteElo "2149"]
[BlackElo "2322"]
[PlyCount "106"]
[EventDate "2021.12.27"]
[EventType "swiss"]
[EventRounds "9"]
[EventCountry "POL"]
[SourceTitle "EXT 2023"]
[Source "ChessBase"]
[SourceDate "2022.10.05"]
[SourceVersion "1"]
[SourceVersionDate "2022.10.05"]
[SourceQuality "1"]

1. d4 Nf6 2. c4 e6 3. g3 d5 4. Nf3 Bb4+ 5. Bd2 Be7 6. Bg2 0-0 7. 0-0 Nbd7 8. Qc2 Ne4 9. Nc3 Nxd2 10. Nxd2 c6 11. e4 dxe4 12. Ndxe4 f5 13. Nd2 e5 14. Nb3 Qc7 15. Rad1 e4 16. d5 Nf6 17. Nd4 Bd7 18. dxc6 bxc6 19. a3 Rad8 20. Nce2 Qe5 21. Qc3 Kh8 22. Nb5 Qb8 23. Nbd4 c5 24. Nc2 Ba4 25. Nf4 Rxd1 26. Rxd1 Bd6 27. Ne6 Re8 28. Ng5 Kg8 29. Rb1 Be5 30. Qd2 Bxc2 31. Qxc2 Bd4 32. Nh3 Ng4 33. Qe2 Qb3 34. Kh1 Ne5 35. Bf1 Nd3 36. Qh5 g6 37. Qd1 Qxc4 38. b4 Qd5 39. bxc5 Bxf2 40. Nf4 Nxf4 41. Qxd5+ Nxd5 42. Bc4 Rd8 43. Rd1 Bxc5 44. Rxd5 Rxd5 45. Bxd5+ Kg7 46. a4 Kf6 47. Kg2 h6 48. g4 Kg5 49. h3 h5 50. Bf7 f4 51. Bd5 f3+ 52. Kg3 h4+ 53. Kh2 Kf4 0-1

[Event "Bydgoszcz PGNiG Blitz"]
[Site "Bydgoszcz"]
[Date "2021.09.19"]
[Round "7"]
[White "Golenia, Jan"]
[Black "Kucza, Karol"]
[Result "0-1"]
[WhiteElo "2122"]
[BlackElo "2322"]
[PlyCount "109"]
[EventDate "2021.09.19"]
[EventType "swiss (blitz)"]
[EventRounds "13"]
[EventCountry "POL"]
[SourceTitle "CBM 204 Extra"]
[Source "ChessBase"]
[SourceDate "2021.11.30"]
[SourceVersion "1"]
[SourceVersionDate "2021.11.30"]
[SourceQuality "1"]

1. c4 Nf6 2. Nc3 e6 3. g3 d5 4. cxd5 exd5 5. d4 c6 6. Bg2 Bd6 7. Nf3 0-0 8. 0-0 Re8 9. Bf4 Bxf4 10. gxf4 Bf5 11. Ne5 Nbd7 12. e3 Nf8 13. Rc1 Ng6 14. Nxg6 hxg6 15. Kh1 Qd7 16. Rg1 Re7 17. Bf3 Rae8 18. Na4 Ne4 19. Qe1 Qd6 20. Nc3 Qf6 21. Nxe4 Bxe4 22. Bxe4 Rxe4 23. Qf1 Qh4 24. Rg3 Qh5 25. Rh3 Qf5 26. Rg3 Qf6 27. Qh3 R4e7 28. Qg4 Qf5 29. Qxf5 gxf5 30. Kg2 g6 31. h4 Kg7 32. h5 Rh8 33. hxg6 fxg6 34. Rg1 Kf6 35. Rh1 Rxh1 36. Kxh1 Rc7 37. Rh3 b6 38. Rh8 c5 39. Rd8 cxd4 40. exd4 Rc2 41. Kg2 Rxb2 42. a3 Rb3 43. Rxd5 Rxa3 44. Rd6+ Kg7 45. Rd7+ Kh6 46. d5 Rd3 47. d6 a5 48. Kf1 a4 49. Ke2 Rd5 50. Ra7 Rxd6 51. Rxa4 Kg7 52. Ra7+ Kf6 53. Rb7 Ke6 54. Ke3 Kd5 55. Kd3 0-1

[Event "POL-chT 2nd League"]
[Site "Sypniewo"]
[Date "2021.09.05"]
[Round "2.7"]
[White "Golenia, Jan"]
[Black "Cukrowski, Filip"]
[Result "0-1"]
[WhiteElo "2122"]
[BlackElo "2382"]
[PlyCount "88"]
[EventDate "2021.09.04"]
[EventType "team-swiss"]
[EventRounds "9"]
[EventCountry "POL"]
[SourceTitle "CBM 204 Extra"]
[Source "ChessBase"]
[SourceDate "2021.11.30"]
[SourceVersion "1"]
[SourceVersionDate "2021.11.30"]
[SourceQuality "1"]
[WhiteTeam "Wieliczka MKS MOS"]
[BlackTeam "Opole Rodlo II"]
[WhiteTeamCountry "POL"]
[BlackTeamCountry "POL"]

1. d4 Nf6 2. c4 e6 3. g3 d5 4. Nf3 Be7 5. Bg2 Nbd7 6. Nc3 0-0 7. 0-0 c6 8. Qc2 dxc4 9. e4 e5 10. Rd1 Qc7 11. dxe5 Nxe5 12. Nxe5 Qxe5 13. Bf4 Qh5 14. Bd6 Bxd6 15. Rxd6 Ng4 16. h3 Ne5 17. Qd1 Qxd1+ 18. Raxd1 g5 19. R1d4 Bxh3 20. Bxh3 Nf3+ 21. Kg2 Nxd4 22. Rxd4 Rfd8 23. Rxc4 Rd2 24. Rb4 b5 25. Nb1 Rd3 26. Bf5 a5 27. Rb3 Rxb3 28. axb3 Rd8 29. e5 Rd4 30. Kf3 Rb4 31. Nd2 a4 32. Be4 c5 33. Bd5 c4 34. bxa4 Rxb2 35. Nxc4 bxc4 36. Bxc4 Rb4 37. Bb5 h5 38. Bd7 Kf8 39. Ke3 Ke7 40. Bc6 Rb3+ 41. Ke4 h4 42. Kf5 h3 43. Kg4 Rb6 44. Bd5 h2 0-1

[Event "POL Cup op blitz"]
[Site "Lodz"]
[Date "2021.08.08"]
[Round "9"]
[White "Golenia, Jan"]
[Black "Zochowski, Kacper"]
[Result "1/2-1/2"]
[WhiteElo "2102"]
[BlackElo "2254"]
[PlyCount "58"]
[EventDate "2021.08.08"]
[EventType "swiss (blitz)"]
[EventRounds "13"]
[EventCountry "POL"]
[SourceTitle "CBM 203 Extra"]
[Source "ChessBase"]
[SourceDate "2021.09.30"]
[SourceVersion "1"]
[SourceVersionDate "2021.09.30"]
[SourceQuality "1"]

1. c4 d6 2. Nc3 g6 3. g3 Bg7 4. Bg2 e5 5. Nf3 Nc6 6. d3 f5 7. 0-0 Nf6 8. Rb1 0-0 9. b4 Qe8 10. Bg5 Be6 11. Qd2 Kh8 12. b5 Nd8 13. Bh6 Bg8 14. Bxg7+ Kxg7 15. a4 Rb8 16. a5 b6 17. axb6 axb6 18. Ra1 Ne6 19. Ra7 Qd8 20. Rfa1 Nc5 21. Qb2 h6 22. Na4 Nxa4 23. R1xa4 g5 24. Ne1 Kg6 25. Nc2 Be6 26. Nb4 Bd7 27. Qa1 e4 28. Qd4 Re8 29. Ra1 Rc8 1/2-1/2

[Event "POL Cup op blitz"]
[Site "Lodz"]
[Date "2021.08.08"]
[Round "8"]
[White "Kosakowski, Jakub"]
[Black "Golenia, Jan"]
[Result "0-1"]
[WhiteElo "2429"]
[BlackElo "2102"]
[PlyCount "92"]
[EventDate "2021.08.08"]
[EventType "swiss (blitz)"]
[EventRounds "13"]
[EventCountry "POL"]
[SourceTitle "CBM 203 Extra"]
[Source "ChessBase"]
[SourceDate "2021.09.30"]
[SourceVersion "1"]
[SourceVersionDate "2021.09.30"]
[SourceQuality "1"]

1. e4 e5 2. Nf3 Nc6 3. Bb5 a6 4. Ba4 Nf6 5. 0-0 Be7 6. Bxc6 dxc6 7. d3 Bd6 8. Nbd2 Be6 9. b3 Qe7 10. Bb2 Nd7 11. d4 f6 12. Qe2 0-0-0 13. c4 exd4 14. Nxd4 Rhe8 15. Rfe1 Ne5 16. Rad1 Bc5 17. Nf1 Bg4 18. f3 Be6 19. Ne3 g6 20. f4 Nd7 21. Nec2 h5 22. a3 Bg4 23. Qd3 Bxd1 24. Qxd1 Nf8 25. f5 Bxd4+ 26. Nxd4 c5 27. fxg6 cxd4 28. Qxh5 Qe5 29. Qg4+ Nd7 30. h4 f5 31. Qd1 fxe4 32. Bxd4 Qg3 33. h5 Nf6 34. Rf1 Ng4 35. Rf7 Qh2+ 36. Kf1 Qh1+ 37. Ke2 Qxg2+ 38. Ke1 Qh1+ 39. Rf1 Qh4+ 40. Ke2 Qxh5 41. g7 Nh2+ 42. Kf2 Qxd1 43. Rxd1 e3+ 44. Ke2 c5 45. Bxc5 Rxd1 46. Bf8 Rg1 0-1

[Event "POL Cup op rapid"]
[Site "Lodz"]
[Date "2021.08.07"]
[Round "8"]
[White "Kosakowski, Jakub"]
[Black "Golenia, Jan"]
[Result "0-1"]
[WhiteElo "2429"]
[BlackElo "2102"]
[PlyCount "158"]
[EventDate "2021.08.07"]
[EventType "swiss (rapid)"]
[EventRounds "9"]
[EventCountry "POL"]
[SourceTitle "CBM 203 Extra"]
[Source "ChessBase"]
[SourceDate "2021.09.30"]
[SourceVersion "1"]
[SourceVersionDate "2021.09.30"]
[SourceQuality "1"]

1. e4 e5 2. Nf3 Nc6 3. Bb5 a6 4. Ba4 Nf6 5. Bxc6 dxc6 6. d3 Bd6 7. Nbd2 Qe7 8. Nc4 h6 9. 0-0 Bg4 10. Ne3 Bd7 11. b3 0-0-0 12. Bb2 g5 13. Nc4 Bg4 14. Ncxe5 Bh5 15. Nc4 g4 16. Nh4 Bxh2+ 17. Kh1 Nxe4 18. Nf5 Qg5 19. Bxh8 Qxf5 20. Kxh2 Nxf2 21. Qe1 g3+ 22. Kg1 Rxh8 23. Qe5 Qxe5 24. Nxe5 f6 25. Nc4 Rg8 26. Nd2 Rg4 27. Ne4 Nxe4 28. dxe4 Rxe4 29. Rae1 Rxe1 30. Rxe1 f5 31. Re6 Kd7 32. Rxh6 Bg4 33. Kf1 Ke7 34. Ke1 c5 35. Kd2 Kf7 36. Ke3 Bd1 37. c3 Ke7 38. Kf4 Bc2 39. Kxg3 Bb1 40. a3 Bc2 41. b4 cxb4 42. axb4 b6 43. Kf4 a5 44. bxa5 bxa5 45. Ra6 a4 46. Ke5 Kd7 47. Kd4 Kc8 48. Kc5 Kb7 49. Ra5 f4 50. Kb4 Be4 51. Kxa4 Bxg2 52. Rf5 f3 53. Rf6 Bh1 54. Kb4 Bg2 55. Kc5 Bh1 56. c4 Bg2 57. Kb5 Kc8 58. Kc5 Kd7 59. Kd4 Ke7 60. Ke5 Bf1 61. c5 Be2 62. Rf4 Kd7 63. Kd5 Bd1 64. Rf6 Ke7 65. Ke5 Be2 66. Re6+ Kd7 67. Rf6 Ke7 68. Rf4 Kd7 69. Kd5 Bd1 70. Rf7+ Ke8 71. Rf5 Kd7 72. c6+ Ke7 73. Rf4 Be2 74. Ke5 Bb5 75. Kd5 Be2 76. Rf5 Bd1 77. Re5+ Kf6 78. Re1 Be2 79. Ra1 f2 0-1

[Event "Suwalki Warakomska Memorial 5th"]
[Site "Suwalki"]
[Date "2021.08.03"]
[Round "9"]
[White "Kacprzak, Karol1111"]
[Black "Golenia, Jan"]
[Result "1/2-1/2"]
[WhiteElo "2151"]
[BlackElo "2103"]
[PlyCount "27"]
[EventDate "2021.07.27"]
[EventType "swiss"]
[EventRounds "9"]
[EventCountry "POL"]
[SourceTitle "EXT 2022"]
[Source "ChessBase"]
[SourceDate "2021.10.06"]
[SourceVersion "1"]
[SourceVersionDate "2021.10.06"]
[SourceQuality "1"]

1. e4 e5 2. Nf3 Nc6 3. Bb5 a6 4. Ba4 Nf6 5. 0-0 Be7 6. d3 d6 7. c3 0-0 8. Re1 Bg4 9. Nbd2 b5 10. Bc2 d5 11. h3 Bxf3 12. Qxf3 d4 13. Nb3 Nd7 14. cxd4 1/2-1/2

[Event "Suwalki Warakomska Memorial 5th"]
[Site "Suwalki"]
[Date "2021.08.02"]
[Round "8"]
[White "Golenia, Jan"]
[Black "Sowul, Bartosz"]
[Result "0-1"]
[WhiteElo "2103"]
[BlackElo "2186"]
[PlyCount "80"]
[EventDate "2021.07.27"]
[EventType "swiss"]
[EventRounds "9"]
[EventCountry "POL"]
[SourceTitle "EXT 2022"]
[Source "ChessBase"]
[SourceDate "2021.10.06"]
[SourceVersion "1"]
[SourceVersionDate "2021.10.06"]
[SourceQuality "1"]

1. c4 c5 2. Nc3 Nc6 3. g3 g6 4. Bg2 Bg7 5. Nf3 e5 6. d3 Nge7 7. 0-0 d6 8. a3 0-0 9. Rb1 a5 10. Nd5 Nxd5 11. cxd5 Ne7 12. e4 b5 13. a4 Bd7 14. Nd2 Qb6 15. axb5 Bxb5 16. Nc4 Bxc4 17. dxc4 a4 18. Ra1 Qb4 19. Qc2 Rfb8 20. Ra3 Kh8 21. Bh3 Ra7 22. Bg4 Ng8 23. Bd1 Bh6 24. Bxh6 Nxh6 25. Rxa4 Rxa4 26. Qxa4 Qxa4 27. Bxa4 Rxb2 28. h3 Re2 29. f3 f5 30. Bd1 Rd2 31. g4 fxe4 32. fxe4 Kg7 33. Ba4 Rd4 34. g5 Nf7 35. h4 Rxe4 36. Be8 Rg4+ 37. Kh2 Rxh4+ 38. Kg3 Rf4 39. Rxf4 exf4+ 40. Kxf4 Ne5 0-1

[Event "Suwalki Warakomska Memorial 5th"]
[Site "Suwalki"]
[Date "2021.08.01"]
[Round "7"]
[White "Rudzinska, Michalina"]
[Black "Golenia, Jan"]
[Result "1/2-1/2"]
[WhiteElo "2238"]
[BlackElo "2103"]
[PlyCount "147"]
[EventDate "2021.07.27"]
[EventType "swiss"]
[EventRounds "9"]
[EventCountry "POL"]
[SourceTitle "CBM 203 Extra"]
[Source "ChessBase"]
[SourceDate "2021.09.30"]
[SourceVersion "1"]
[SourceVersionDate "2021.09.30"]
[SourceQuality "1"]

1. e4 e5 2. Nf3 Nc6 3. Nc3 Nf6 4. Bb5 Bb4 5. 0-0 0-0 6. d3 d6 7. Bg5 Bxc3 8. bxc3 Qe7 9. Re1 Nd8 10. d4 Ne6 11. Bc1 c5 12. Bd3 Nc7 13. Rb1 Rb8 14. h3 h6 15. Nh4 Re8 16. Qf3 b6 17. Bd2 Nh7 18. Nf5 Qf6 19. Qg3 Bxf5 20. exf5 exd4 21. cxd4 cxd4 22. Bf4 Red8 23. Qg4 Re8 24. Bg3 Rxe1+ 25. Rxe1 Re8 26. Rxe8+ Nxe8 27. Qe4 Kf8 28. Bb5 Nc7 29. Bd7 Qd8 30. Ba4 Nf6 31. Qxd4 Nce8 32. Kh2 Qc7 33. Bxe8 Nxe8 34. f6 gxf6 35. Qe4 Qe7 36. Qh7 Qe6 37. Bf4 Qxa2 38. Bxh6+ Ke7 39. Qe4+ Kd7 40. Bf8 Qe6 41. Qa4+ Kc8 42. Qxa7 Qe5+ 43. g3 Qc5 44. Qa8+ Kd7 45. Kg1 Nc7 46. Qf3 Qxc2 47. Qxf6 Qd1+ 48. Kh2 Qd5 49. h4 b5 50. Qf4 f5 51. Qg5 Ne6 52. Qe7+ Kc6 53. Qe8+ Kc5 54. Qc8+ Kd4 55. Bh6 Kd3 56. Qc1 Ke2 57. Qe3+ Kf1 58. Qc1+ Kxf2 59. Qc2+ Kf1 60. Qc1+ Ke2 61. Qe3+ Kd1 62. Qc1+ Ke2 63. Qc2+ Ke1 64. Be3 Nc5 65. Kg1 Ne4 66. h5 Qe5 67. Bf2+ Nxf2 68. Qxf2+ Kd1 69. h6 b4 70. Qf3+ Kc2 71. Qf2+ Kd1 72. Qf1+ Kd2 73. Qf2+ Kd1 74. Qf1+ 1/2-1/2

[Event "Suwalki Warakomska Memorial 5th"]
[Site "Suwalki"]
[Date "2021.07.31"]
[Round "6"]
[White "Golenia, Jan"]
[Black "Chyzy, Jakub"]
[Result "1/2-1/2"]
[WhiteElo "2103"]
[BlackElo "2257"]
[PlyCount "114"]
[EventDate "2021.07.27"]
[EventType "swiss"]
[EventRounds "9"]
[EventCountry "POL"]
[SourceTitle "CBM 203 Extra"]
[Source "ChessBase"]
[SourceDate "2021.09.30"]
[SourceVersion "1"]
[SourceVersionDate "2021.09.30"]
[SourceQuality "1"]

1. c4 e5 2. Nc3 Nf6 3. g3 d5 4. cxd5 Nxd5 5. Bg2 Nb6 6. e3 Nc6 7. Nge2 Bg4 8. h3 Bh5 9. 0-0 Bd6 10. b3 0-0 11. g4 Bg6 12. f4 Bd3 13. Ne4 f5 14. Nxd6 Qxd6 15. g5 e4 16. Bb2 Rfd8 17. Rf2 a5 18. Nd4 Nxd4 19. Bxd4 c5 20. Be5 Qe6 21. Qc1 Nd7 22. Bb2 b5 23. h4 b4 24. Bf1 Qd5 25. Bxd3 Qxd3 26. h5 Rac8 27. h6 g6 28. Qd1 c4 29. bxc4 Rxc4 30. Qa4 Qd5 31. Bd4 Qc6 32. Qb3 a4 33. Qb2 a3 34. Qb3 Qd5 35. Rff1 Rdc8 36. Qa4 Ra8 37. Qb3 Rac8 38. Qa4 Kf7 39. Rab1 Ra8 40. Qb3 Ke6 41. Rfd1 Rac8 42. Qa4 Qc6 43. Qb3 Ke7 44. Bg7 Nb6 45. Bf6+ Ke8 46. Rbc1 Qa4 47. Qb1 Kd7 48. Qa1 Qb5 49. Rxc4 Rxc4 50. d3 exd3 51. Rxd3+ Nd5 52. Rd1 Rc2 53. Qe5 Rg2+ 54. Kh1 Rh2+ 55. Kg1 Rg2+ 56. Kh1 Rh2+ 57. Kg1 Rg2+ 1/2-1/2

[Event "Suwalki Warakomska Memorial 5th"]
[Site "Suwalki"]
[Date "2021.07.28"]
[Round "2"]
[White "Golenia, Jan"]
[Black "Kukula, Pawel"]
[Result "1-0"]
[WhiteElo "2103"]
[BlackElo "2195"]
[PlyCount "69"]
[EventDate "2021.07.27"]
[EventType "swiss"]
[EventRounds "9"]
[EventCountry "POL"]
[SourceTitle "CBM 203 Extra"]
[Source "ChessBase"]
[SourceDate "2021.09.30"]
[SourceVersion "1"]
[SourceVersionDate "2021.09.30"]
[SourceQuality "1"]

1. c4 c5 2. Nc3 Nc6 3. g3 g6 4. Bg2 Bg7 5. Nf3 e5 6. 0-0 d6 7. d3 Nge7 8. a3 a5 9. Rb1 0-0 10. Ne1 Be6 11. Nc2 d5 12. cxd5 Nxd5 13. Ne3 Nde7 14. Nc4 h6 15. Be3 b6 16. Qd2 Kh7 17. Rfc1 Rb8 18. Qd1 Qd7 19. Na4 Nc8 20. Ncxb6 Nxb6 21. Nxc5 Qe8 22. Nxe6 fxe6 23. Bxc6 Qf7 24. Bf3 Nd5 25. Bd2 Qa7 26. Rc4 Rb5 27. b4 axb4 28. axb4 Rb7 29. Rc6 Rd7 30. Qc2 e4 31. dxe4 Ne7 32. Be3 Qa3 33. Rc4 Ng8 34. b5 Nf6 35. Bc5 1-0